• 首页
  • 本馆介绍
  • 公告通知
  • 最新文献
  • 馆藏检索
  • 电子资源
  • 读者荐购
  • 参考咨询
  • CALIS
  • 我的图书馆
  • 登录
  • 详细信息显示
  • 放入我的书架
  • 预约/预借图书
  • 作者相关作品
  • 分类相关作品
  • 丛书相关作品
  • 出版社相关作品

书目信息

  • 表格格式
  • 工作单格式
  • 卡片格式
题名:
萌芽
    
 
作者: (法)左拉著 , 左拉 著
分册:  
出版信息: 北京   人民文学出版社  1982.09
页数: 529页
开本: 32开
丛书名:
单 册:
中图分类: I565.4
科图分类:
主题词: 文学
电子资源:
ISBN: 7-02-001797-5
 
 
 
 
 
000 00546nam0 2200205 45
001 0004181005
005 20001022154607.8
010    @a7-02-001797-5@d19.65元
100    @a20000418d1982 km y0chiy0120 ea
101    @achi
105    @a z 000yy
200 1  @a萌芽@AMeng Ya@f(法)左拉著@F(Fa)Zuo La Zhu
210    @a北京@c人民文学出版社@d1982.09
215    @a529页@d32开
606 0  @a文学
690    @aI565.4@v3
701    @a(法)左拉著@4著
701  0 @a左拉@4著
801    @aCN@bPftUser@c20000418
905    @dI565.4@eZ.011/1@b182587-589@f3
    
    萌芽/(法)左拉著.-北京:人民文学出版社,1982.09
    529页;32开
    
    
    ISBN 7-02-001797-5:19.65元
    
●
相关链接 在E读中查询图书 在当当中查询图书 在豆瓣中查询图书


正题名:萌芽     索取号:I565.4/Z.011/1         预约/预借

序号 登录号 条形码 馆藏地/架位号 状态 备注
1 182587   201825873   社科二线400B/400B社科库 26排2列2层/ [索取号:I565.4/Z.011/1] 在馆    
2 182588   201825882   社科二线400B/400B社科库 27排2列1层/ [索取号:I565.4/Z.011/1] 在馆    
3 182589   201825891   社科二线400B/400B社科库 27排3列1层/ [索取号:I565.4/Z.011/1] 在馆    
河南城建学院图书馆 欢迎您!
大连网信软件有限公司© 版权所有